Chronicle of a Savanna marriage /
For fifteen years, the filmmaker has monitored Nayiani s life, a Masai on the savanna of southern Kenya. The story begins in 1979 when Nayiani is fourteen, and has been promised in marriage to the son of her father's good friend. Nayiani undergoes circumcision, a procedure that both boys and gi...
| Format: | Video |
|---|---|
| Language: | Swedish Maasai |
| Language Notes: | In Swedish and Maasai with English subtitles. |
| Published: |
New York, NY :
Filmakers Library,
[1998]
|
| Series: | Filmakers library online.
|
| Subjects: | |
| Online Access: | Connect to this streaming video (Alexander Street Press) |
MARC
| Tag | First Indicator | Second Indicator | Subfields |
|---|---|---|---|
| LEADER | 00000cgm a2200000 i 4500 | ||
| 001 | in00005607432 | ||
| 006 | m o c | ||
| 007 | cr cn|---||a|a | ||
| 007 | vz czazzu | ||
| 008 | 080405s1998 nyu057 g o vlswe d | ||
| 005 | 20241214204551.7 | ||
| 035 | |a (OCoLC)ocn747798183 | ||
| 040 | |a ALSTP |b eng |e rda |e pn |c ALSTP |d OCLCQ |d OCLCO |d MTG |d OCLCQ |d OCLCA |d IAA |d OCLCQ |d OCLCO |d OCLCF |d OCLCA |d MERUC |d UAB |d OCLCO |d OCLCA |d OCL |d OCLCO |d OCLCL |d OCLCQ | ||
| 019 | |a 784652395 |a 1087297214 | ||
| 035 | |a (OCoLC)747798183 |z (OCoLC)784652395 |z (OCoLC)1087297214 | ||
| 041 | 1 | |a swe |a mas |j eng | |
| 043 | |a f-ke--- | ||
| 050 | 4 | |a Internet Access |b AEGMCT | |
| 082 | 0 | 4 | |a 392.509676 |2 23 |
| 049 | |a TXAM | ||
| 245 | 0 | 0 | |a Chronicle of a Savanna marriage / |c a film by Stig Holmqvist ; producerad av AB Rörliga Bilder. |
| 264 | 1 | |a New York, NY : |b Filmakers Library, |c [1998] | |
| 300 | |a 1 online resource (1 video file (57 min.)) : |b sound, color | ||
| 336 | |a two-dimensional moving image |b tdi |2 rdacontent | ||
| 337 | |a computer |b c |2 rdamedia | ||
| 338 | |a online resource |b cr |2 rdacarrier | ||
| 546 | |a In Swedish and Maasai with English subtitles. | ||
| 500 | |a Title from resource description page (viewed May 24, 2011). | ||
| 520 | |a For fifteen years, the filmmaker has monitored Nayiani s life, a Masai on the savanna of southern Kenya. The story begins in 1979 when Nayiani is fourteen, and has been promised in marriage to the son of her father's good friend. Nayiani undergoes circumcision, a procedure that both boys and girls go through to be considered adults. The years immediately after he wedding prove difficult ones for Nayiami. She continuously longs to return to her family. But gradually, as time passes, she grows accustomed to her new home. Eventually, her husband Lekumok brings home additional wives, since his herd of cattle is now so large that he needs and can afford additional women in his household. Nayiami welcomes the companionship and help. Even on the savanna, time does not stand still. The family feels the encroachment of the Nairobi government on different aspects of their lives. Here is a unique view of the life and culture of the Masai. | ||
| 521 | |a For College; Adult audiences. | ||
| 586 | |a African Studies Association, 1997 | ||
| 586 | |a American Anthropological Association, 1998 | ||
| 650 | 0 | |a Maasai (African people) |x Marriage customs and rites. | |
| 650 | 0 | |a Maasai (African people) |x Social life and customs. | |
| 650 | 0 | |a Maasai (African people) |z Kenya. | |
| 650 | 0 | |a Maasai (African people) |x Rites and ceremonies |y 20th century. | |
| 650 | 0 | |a Women |z Kenya |x Social conditions |y 20th century. | |
| 650 | 0 | |a Female genital mutilation |z Kenya. | |
| 650 | 0 | |a Arranged marriage |z Kenya |y 20th century. | |
| 650 | 0 | |a Polygamy |z Kenya |y 20th century. | |
| 650 | 6 | |a Massaï (Peuple d'Afrique) |x Rites et cérémonies du mariage. | |
| 650 | 6 | |a Massaï (Peuple d'Afrique) |x Mœurs et coutumes. | |
| 650 | 6 | |a Massaï (Peuple d'Afrique) |z Kenya. | |
| 650 | 6 | |a Massaï (Peuple d'Afrique) |x Rites et cérémonies |y 20e siècle. | |
| 650 | 6 | |a Femmes |z Kenya |x Conditions sociales |y 20e siècle. | |
| 650 | 6 | |a Mariage arrangé |z Kenya |y 20e siècle. | |
| 650 | 6 | |a Polygamie |z Kenya |y 20e siècle. | |
| 650 | 7 | |a Arranged marriage |2 fast | |
| 650 | 7 | |a Female genital mutilation |2 fast | |
| 650 | 7 | |a Maasai (African people) |2 fast | |
| 650 | 7 | |a Maasai (African people) |x Rites and ceremonies |2 fast | |
| 650 | 7 | |a Maasai (African people) |x Social life and customs |2 fast | |
| 650 | 7 | |a Polygamy |2 fast | |
| 650 | 7 | |a Women |x Social conditions |2 fast | |
| 651 | 7 | |a Kenya |2 fast |1 https://id.oclc.org/worldcat/entity/E39PBJrgMQKpcY3M4dvk48PJDq | |
| 648 | 7 | |a 1900-1999 |2 fast | |
| 655 | 0 | |a Documentary. | |
| 655 | 2 | |a Documentaries and Factual Films | |
| 655 | 4 | |a Streaming videos. | |
| 655 | 7 | |a documentary film. |2 aat | |
| 655 | 7 | |a Documentary films |2 fast | |
| 655 | 7 | |a Educational films |2 fast | |
| 655 | 7 | |a Ethnographic films |2 fast | |
| 655 | 7 | |a Feature films |2 fast | |
| 655 | 7 | |a Nonfiction films |2 fast | |
| 655 | 7 | |a Documentary films. |2 lcgft | |
| 655 | 7 | |a Ethnographic films. |2 lcgft | |
| 655 | 7 | |a Educational films. |2 lcgft | |
| 655 | 7 | |a Nonfiction films. |2 lcgft | |
| 655 | 7 | |a Feature films. |2 lcgft | |
| 700 | 1 | |a Holmqvist, Stig, |d 1942- |e filmmaker. | |
| 710 | 2 | |a AB Rörliga Bilder, |e production company. | |
| 830 | 0 | |a Filmakers library online. | |
| 856 | 4 | 0 | |u http://proxy.library.tamu.edu/login?url=https://www.aspresolver.com/aspresolver.asp?AVN2;1785028 |z Connect to this streaming video (Alexander Street Press) |t 0 |
| 955 | |a Alexander Street Press perpetual purchased Fall 2024 streaming video | ||
| 994 | |a 92 |b TXA | ||
| 999 | f | f | |s c1db1fa2-7f6a-41cf-95a2-97d2bad57c64 |i ff83d883-84f2-407b-afd8-a90500443468 |t 0 |
| 952 | f | f | |a Texas A&M University |b College Station |c Electronic Resources |d Available Online |t 0 |e Internet Access AEGMCT |h Library of Congress classification |
| 998 | f | f | |a Internet Access AEGMCT |t 0 |l Available Online |